000 00869nam a2200265Ia 4500
003 OSt
005 20240920120903.0
008 210716s2007 xx 000 0 und d
020 _a9971514095
040 _cAIMIT LIBRARY
041 _aeng
082 _a005.73
_bGOOM
100 _aGoodrich, Michael T.
_9179746
245 _aAlgorithm design :
_bfoundations analysis and internet examples. /
_cBy Michael T Goodrich and Roberto Tamassia.
250 _a1st ed.
260 _aNew Delhi :
_bWiley India ,
_c2007.
300 _axii,708 p.;
_bPB
_c22.5 cm.
650 _aBasic data structures
_9179747
650 _aSearch trees and skip lists
_9179748
650 _aSorting sets and selection
_9179749
650 _aNetwork flow and matching
_9179750
650 _aText processing
_9179751
700 _aTamassia, Roberto.
_9179752
942 _2ddc
_cBK
_k005.73 GOOM
999 _c186394
_d186394